=LDR 00000nam 2200000 4500 =001 INLIS000000000006576 =005 20251111100914 =035 ##$$a 0010-1125000450 =007 ta =008 251111###########################0#eng## =082 ##$$a 362.1982 =084 ##$$a 362.1982 PIT a =100 #$$a Piter Elliot =245 1#$$a A Blueprint To Reduce Maternal Mortality : $b - /$c Piter Elliot ; Badan Koordinasi Keluarga Berencana Nasional =260 ##$:$b Badan Koordinasi Keluarga Berencana Nasional =300 ##$$a 13 hal : $b ilus ; $c 21 cm =650 #4$$a Keluarga Berencana =710 #$$a Badan Koordinasi Keluarga Berencana Nasional =856 ##$$a Perpustakaan Kemendukbangga